<?xml version="1.0" encoding="UTF-8"?>
<marc:record xmlns:marc="http://www.loc.gov/MARC21/slim">
   <marc:leader>00000nam a2200000 a 4500</marc:leader>
   <marc:datafield ind1="1" ind2=" " tag="100">
      <marc:subfield code="a">İplikçi, Müge</marc:subfield>
      <marc:subfield code="4">aut</marc:subfield>
      <marc:subfield code="e">Verfasser/-in</marc:subfield>
   </marc:datafield>
   <marc:datafield ind1="1" ind2=" " tag="100">
      <marc:subfield code="a">Wittreck, Ebru</marc:subfield>
      <marc:subfield code="4">trl</marc:subfield>
      <marc:subfield code="e">Übersetzer/-in</marc:subfield>
   </marc:datafield>
   <marc:datafield ind1="1" ind2=" " tag="100">
      <marc:subfield code="a">Delioğlu, Mustafa</marc:subfield>
      <marc:subfield code="4">ill</marc:subfield>
      <marc:subfield code="e">Illustrator/-in</marc:subfield>
   </marc:datafield>
   <marc:datafield ind1="1" ind2=" " tag="100">
      <marc:subfield code="a">İplikçi, Müge</marc:subfield>
   </marc:datafield>
   <marc:datafield ind1=" " ind2=" " tag="653">
      <marc:subfield code="a">Mädchen</marc:subfield>
   </marc:datafield>
   <marc:datafield ind1=" " ind2=" " tag="653">
      <marc:subfield code="a">Traum</marc:subfield>
   </marc:datafield>
   <marc:datafield ind1=" " ind2=" " tag="653">
      <marc:subfield code="a">Fliegen</marc:subfield>
   </marc:datafield>
   <marc:datafield ind1=" " ind2=" " tag="653">
      <marc:subfield code="a">Softcover / Kinder- und Jugendbücher/Kinderbücher bis 11 Jahre</marc:subfield>
   </marc:datafield>
   <marc:datafield ind1=" " ind2=" " tag="653">
      <marc:subfield code="a">Kinderbuch</marc:subfield>
   </marc:datafield>
   <marc:datafield ind1=" " ind2=" " tag="653">
      <marc:subfield code="a">Kinderbücher bis 11 Jahre</marc:subfield>
   </marc:datafield>
   <marc:datafield ind1="0" ind2="0" tag="245">
      <marc:subfield code="a">Der fliegende Dienstag</marc:subfield>
   </marc:datafield>
   <marc:datafield ind1="0" ind2="0" tag="245">
      <marc:subfield code="b">eine Erzählung aus der Türkei</marc:subfield>
   </marc:datafield>
   <marc:datafield ind1="0" ind2="0" tag="245">
      <marc:subfield code="c">Müge Iplikçi. Mit Ill. von Mustafa Delioğlu. Aus dem Türk. von Ebru Wittreck</marc:subfield>
   </marc:datafield>
   <marc:datafield ind1=" " ind2="1" tag="264">
      <marc:subfield code="a">Basel</marc:subfield>
      <marc:subfield code="b">Baobab Books</marc:subfield>
      <marc:subfield code="c">2013</marc:subfield>
   </marc:datafield>
   <marc:datafield ind1="1" ind2=" " tag="520">
      <marc:subfield code="a">Angaben aus der Verlagsmeldung

Der fliegende Dienstag : Eine Erzählung aus der Türkei Uçan Salı / von Müge Iplikçi

Sibel ist in Istanbul zu Hause. Sie ist ein aufgewecktes Mädchen und eine Träumerin. Ihr größter Wunsch ist, zu fliegen wie ein Vogel. Heute ist aber keine Zeit zum Träumen, denn morgen ist das Zuckerfest und es gibt noch viel vorzubereiten. Die Mutter nimmt Sibel und ihre kleinen Geschwister mit auf den Dienstagsmarkt, um für das große Fest einzukaufen. Was für ein Treiben, was für ein Trubel!Doch oje, Sibel geht in der Menschenmenge verloren, als sie knusprige Sesamkringel kaufen will. Wie soll sie in diesem Gewühl die Mutter und die Geschwister je wieder finden? Dank der Hilfe eines Tomatenverkäufers, eines Elektrikers und einer Müllsammlerin nimmt zum Schluss alles eine gute Wendung und Sibel fliegt sogar …Istanbul, die Stadt am Bosporus, ist die kulturelle und geographische Brücke zwischen Europa und Asien. Müge Iplikçi verbindet die orientalische Erzähltradition mit der aktuellen sozialen Realität der Türkei. Der berühmte Dienstagsmarkt im Viertel Kadiköy auf der asiatischen Seite ist der perfekte Schauplatz dafür.
</marc:subfield>
   </marc:datafield>
   <marc:datafield ind1=" " ind2=" " tag="020">
      <marc:subfield code="a">9783905804461</marc:subfield>
      <marc:subfield code="9">9783905804461</marc:subfield>
   </marc:datafield>
   <marc:datafield ind1=" " ind2=" " tag="041">
      <marc:subfield code="a">ger</marc:subfield>
   </marc:datafield>
   <marc:datafield ind1=" " ind2=" " tag="300">
      <marc:subfield code="a">87 S.</marc:subfield>
   </marc:datafield>
</marc:record>
